| 000 | 00965nam a22002297a 4500 | ||
|---|---|---|---|
| 005 | 20240530110545.0 | ||
| 008 | 160103s2012 ua ao g b 000 0 ara d | ||
| 017 |
_a2011/11432 _bمصر . دار الكتب المصرية |
||
| 020 | _a9789774382304 | ||
| 040 | _aEG-CaGPL | ||
| 082 | 0 | 4 |
_221 _a327.1\ _bع إ |
| 100 | 0 | _aعبدالعزيز محمود احمد | |
| 245 | 1 | 2 |
_aالاحتلال الامريكى للعراق الخديعة الكبرى فى القرن 21 / _cعبدالعزيز محمود احمد |
| 260 |
_aالاسكندرية : _bالمكتب الجامعى الحديث ، _c2012 . |
||
| 300 |
_a320 ص : _bصور ؛ _c24 سم . |
||
| 504 | _aيشتمل على ارجاعات ببليوجرافية | ||
| 651 | 0 | 4 |
_aالعراق _xتاريخ _yالعصر الحدث 2003 |
| 651 | 0 | 4 |
_aالعراق _xتاريخ |
| 651 | 0 | 4 | _aالاحتلال الامريكى للعراق |
| 942 |
_2ddc _cBK |
||
| 999 |
_c62342 _d62342 |
||